000 00619nam a2200229Ia 4500
003 OSt
005 20220928130918.0
006 a|||||r|||| 00| 0
007 ta
008 220927b |||||||| |||| 00| 0 eng d
024 _a33882
037 _cTextual
040 _aSDCL
_cSDCL
_beng
041 _2eng
_aeng
082 _aS:4v, N1
100 _aSmith J-C Ed.
_9476526
245 0 _aHistorical foundations of cognitive science.
260 _aDordrecht
_bKluwer Academic Publishers
_c1991
300 _axxiii,303p.
_ccm.
942 _hS:4v, N1
_cTEXL
_2CC
999 _c789017
_d789017